| 000 | 00569cam a22002057a 4500 | ||
|---|---|---|---|
| 001 | 3764729 | ||
| 003 | OSt | ||
| 005 | 20150217110219.0 | ||
| 008 | 821221s1979 cr 000 0 spa | ||
| 010 | _a 82244560 | ||
| 040 | _cBMC | ||
| 082 | _a863.99226 | ||
| 100 | 1 |
_aSuñol, Julio _99350 |
|
| 245 | 1 | 3 |
_aLa noche de los tiburones _b: novela sobre corrupción política _cJulio Suñol |
| 250 | _a2ª ed | ||
| 260 |
_aSan José, Costa Rica _bLehmann _ccop. 1979 |
||
| 300 |
_a174 p. _c20 cm |
||
| 650 | 2 | 4 |
_930467 _aNovela costarricense |
| 942 |
_2ddc _cBK _hahoj |
||
| 999 |
_c18636 _d18636 |
||